000 00335nam a2200145Ia 4500
008 230718s9999 xx 000 0 und d
041 _aEng.
082 _a658.3
_bDES-H
100 _aDesla Gay
245 0 _aHuman resauce manejone
260 _aPakistan
_bExford amiruaty Ples
_c1995
300 _a725
650 _aLaw
999 _c26541
_d26541